Statistics for Most Popular Fruits

Click here to take the quiz!

General Stats

  • This quiz has been taken 81,468 times
    (58,981 since last reset)
  • The average score is 16 of 24

Answer Stats

ResultsFruit% Correct
2,602Apple
99%
2,803Orange
97%
1,346Banana
93%
1,185Strawberry
89%
552Grape
87%
665Blueberry
80%
6,348Lemon
80%
311Pear
76%
643Raspberry
76%
159Watermelon
72%
181Blackberry
70%
515Mango
69%
1,659Pineapple
69%
596Peach
68%
94Kiwi
66%
2,512Lime
66%
1,425Cherry
58%
553Plum
51%
110Grapefruit
48%
386Apricot
35%
124Pomegranate
30%
1,159Cranberry
29%
110Fig
27%
365Date
21%

Score Distribution

Percentile by Number Answered

Percent of People with Each Score

Your Score History

You have not taken this quiz since the last reset